| 000 | 00496nam a2200181Ia 4500 | ||
|---|---|---|---|
| 008 | 100920s9999 xx 000 0 und d | ||
| 082 |
_b73355 _a28 व 22 0 |
||
| 100 | _aROY NAVKALA. | ||
| 245 | _aThe Railway TRAIN. | ||
| 260 |
_bChildrens Book Trust ,New Delhi. _c0 |
||
| 300 |
_a32 _bसाधी |
||
| 365 | _b12 | ||
| 520 | _aबा.वि. एस.सी. | ||
| 630 | _aThe Railway TRAIN. | ||
| 650 | _aबा.वि. एस.सी. | ||
| 730 | _aThe Railway TRAIN. | ||
| 942 | _cBOOK | ||
| 999 |
_c715033 _d715030 |
||